000 01768nam2a2200289 i 4500
001 RU\NLR\bibl\1915943
005 20241103102407.0
010 _a9785948393506
_bЧ. 1
_9160
021 _aRU
_b2012-40128
_92963
035 _a(NLR Aleph) 001905435
090 _a3104271
_c3104271
100 _a20120620d2012 k y0rusy50 ca
101 0 _arus
102 _aRU
105 _ay |||||||||
200 0 _a[Ч.] 1
210 _d2012
215 _a324 с.
320 _aБиблиогр. в конце ст. и в подстроч. примеч.
461 0 _1001RU\NLR\bibl\2001639
_12001#$aКультура - искусство - образование: взаимозависимость результатов науки и практики$v[Ч.] 1
_94216099
_cЧелябинск
_d2012
_fФедер. гос. бюджет. общеобразоват. учреждение высш. проф. образования "Челяб. гос. акад. культуры и искусств"
_nЧелябинская государственная академия культуры и искусств
_oXXXIII Научно-практическая конференция профессорско-преподавательского состава Академии, 8 февраля 2012 г. : [материалы : в 2 ч.]
_tКультура - искусство - образование: взаимозависимость результатов науки и практики
_y9785948393490
_v[Ч.] 1
606 _aОбщественные науки
_jСъезды, совещания и т.п.
_91112139
_3RU\NLR\auth\66119728
686 _aС.я431
801 0 _aRU
_bNLR
_c20120620
_gRCR
801 1 _aRU
_bNLR
_c20120620
942 _cBOOK
980 _aNBR